000 00608nam a22002297a 4500
001 BD-DhSAU 8050
003 BD-DhSAU
005 20150530164046.0
008 150530b1979 ii a||||r|||| 001 0 eng d
040 _aBD-DhSAU
082 _222
_a636.85
_bMAA
245 _aAnimal nutrition /
_cby Leonard A. Maynard ... [et al.]
250 _a7th ed.
260 _aNew Delhi :
_bTata Mcgraw-hill ,
_cc1979.
300 _ax, 602 p.:
_bill. ;
_c23 cm.
504 _aIncludes index
590 _ajoy
650 _aNutrition
650 _aAnimal Husbendry.
700 _aMaynard , Leonard A.
942 _2ddc
_cBOOK
999 _c8050
_d8050